[Event "EU-chT Seniors 50"]
[Site "Terme Catez"]
[Date "2024.05.14"]
[Round "8.2"]
[White "Jaksland, Tim"]
[Black "Jackson, Oliver A"]
[Result "1-0"]
[WhiteElo "2085"]
[BlackElo "2069"]
[PlyCount "75"]
[EventDate "2024.05.07"]
[EventType "team-swiss"]
[EventRounds "9"]
[EventCountry "SLO"]
[SourceTitle "CB20_2024"]
[SourceDate "2024.05.16"]
[SourceVersion "1"]
[SourceVersionDate "2024.05.16"]
[SourceQuality "1"]
[WhiteTeam "Denmark"]
[BlackTeam "England 50 III"]
[WhiteTeamCountry "DEN"]
[BlackTeamCountry "ENG"]

1. e4 c5 2. c3 Nf6 3. e5 Nd5 4. Nf3 e6 5. d4 cxd4 6. cxd4 b6 7. Nc3 Nxc3 8. bxc3 Qc7 9. Bb5 Bb7 10. 0-0 Be7 11. Qd3 Nc6 12. Re1 Na5 13. Bg5 a6 14. Ba4 Qc4 15. Qxc4 Nxc4 16. Bb3 Rc8 17. Nd2 Bd5 18. Nxc4 Bxc4 19. Bd2 b5 20. Reb1 Bd3 21. Re1 Bc4 22. Reb1 Ba3 23. Bc1 Bxc1 24. Rxc1 Ke7 25. Rc2 Rc7 26. Bxc4 Rxc4 27. a3 Rhc8 28. Rac1 Ra4 29. Kf1 Rcc4 30. Ke2 Rxa3 31. Kd2 Kd8 32. Rb1 Kc7 33. Rb4 Ra4 34. Rb3 Kc6 35. Ke3 Kd5 36. Rcb2 Rc6 37. Kd3 Ra1 38. Rxb5+ 1-0

[Event "EU-chT Seniors 50"]
[Site "Terme Catez"]
[Date "2024.05.10"]
[Round "4.2"]
[White "Motuz, Karol"]
[Black "Jaksland, Tim"]
[Result "1-0"]
[WhiteElo "2299"]
[BlackElo "2085"]
[PlyCount "49"]
[EventDate "2024.05.07"]
[EventType "team-swiss"]
[EventRounds "9"]
[EventCountry "SLO"]
[SourceTitle "CB20_2024"]
[SourceDate "2024.05.16"]
[SourceVersion "1"]
[SourceVersionDate "2024.05.16"]
[SourceQuality "1"]
[WhiteTeam "Slovakia 50"]
[BlackTeam "Denmark"]
[WhiteTeamCountry "SVK"]
[BlackTeamCountry "DEN"]

1. d4 Nf6 2. Nf3 e6 3. c4 d5 4. Nc3 Bb4 5. g3 dxc4 6. Bg2 Nc6 7. 0-0 0-0 8. a3 Bxc3 9. bxc3 Rb8 10. Bg5 h6 11. Bh4 g5 12. Nxg5 hxg5 13. Bxg5 e5 14. d5 Na5 15. f4 Qd6 16. fxe5 Qc5+ 17. e3 Ng4 18. Qf3 b5 19. Qf4 Rb6 20. e6 fxe6 21. Qxg4 e5 22. Qe4 Qd6 23. Rxf8+ Kxf8 24. Rf1+ Ke8 25. Rf6 1-0

[Event "Reykjavik op"]
[Site "Reykjavik"]
[Date "2024.03.17"]
[Round "4"]
[White "Jaksland, Tim"]
[Black "Carr, Jay A"]
[Result "1-0"]
[WhiteElo "2076"]
[BlackElo "1826"]
[PlyCount "57"]
[EventDate "2024.03.15"]
[EventType "swiss"]
[EventRounds "9"]
[EventCountry "ISL"]
[SourceTitle "CB13_2024"]
[SourceDate "2024.03.27"]
[SourceVersion "1"]
[SourceVersionDate "2024.03.27"]
[SourceQuality "1"]

1. e4 c5 2. c3 Nf6 3. e5 Nd5 4. Nf3 e6 5. d4 cxd4 6. cxd4 Be7 7. Bc4 d6 8. 0-0 0-0 9. Qe2 b6 10. Rd1 Nd7 11. Bxd5 exd5 12. Nc3 Bb7 13. e6 Nf6 14. Ng5 Ne4 15. exf7+ Rxf7 16. Nxf7 Kxf7 17. Nxe4 dxe4 18. d5 Bf6 19. Qxe4 Qd7 20. Be3 Re8 21. Qxh7 Qg4 22. h3 Qe4 23. Qxe4 Rxe4 24. Rac1 Bxb2 25. Rc7+ Re7 26. Rxe7+ Kxe7 27. Bd4 Bxd4 28. Rxd4 Kf6 29. f4 1-0

[Event "Reykjavik op"]
[Site "Reykjavik"]
[Date "2024.03.15"]
[Round "1"]
[White "Steingrimsson, Hedinn"]
[Black "Jaksland, Tim"]
[Result "1-0"]
[WhiteElo "2477"]
[BlackElo "2076"]
[PlyCount "63"]
[EventDate "2024.03.15"]
[EventType "swiss"]
[EventRounds "9"]
[EventCountry "ISL"]
[SourceTitle "CB13_2024"]
[SourceDate "2024.03.27"]
[SourceVersion "1"]
[SourceVersionDate "2024.03.27"]
[SourceQuality "1"]

1. d4 Nf6 2. c4 e6 3. Nc3 Bb4 4. e3 0-0 5. Nge2 c6 6. a3 Ba5 7. b4 Bc7 8. Bb2 d5 9. Ng3 Nbd7 10. Qc2 Re8 11. Rd1 Nf8 12. Be2 Ng6 13. 0-0 Qe7 14. f4 Nh4 15. e4 dxe4 16. Ncxe4 Nxe4 17. Nxe4 a5 18. Qc3 f6 19. Rfe1 Ng6 20. g3 axb4 21. axb4 e5 22. fxe5 fxe5 23. d5 cxd5 24. cxd5 Bd6 25. Nxd6 Qxd6 26. Qc5 Qxc5+ 27. bxc5 Ra2 28. Rd2 Ra5 29. Rc1 Bf5 30. c6 bxc6 31. dxc6 Kf7 32. Rf1 1-0

[Event "Seville op 49th"]
[Site "Seville"]
[Date "2024.01.18"]
[Round "7"]
[White "Jaksland, Tim"]
[Black "Fiorito, Joaquin"]
[Result "0-1"]
[WhiteElo "2062"]
[BlackElo "2401"]
[PlyCount "62"]
[EventDate "2024.01.12"]
[EventType "swiss"]
[EventRounds "9"]
[EventCountry "ESP"]
[SourceTitle "CB04_2024"]
[SourceDate "2023.10.16"]
[SourceVersion "1"]
[SourceVersionDate "2023.10.16"]
[SourceQuality "1"]

1. e4 c5 2. c3 Nf6 3. e5 Nd5 4. Nf3 Nc6 5. Bc4 Nb6 6. Bb3 c4 7. Bc2 d5 8. exd6 e5 9. 0-0 Bxd6 10. Re1 0-0 11. b4 cxb3 12. axb3 Bg4 13. h3 Bh5 14. Na3 f5 15. d3 Kh8 16. Nc4 Nxc4 17. bxc4 Qf6 18. Ba3 Bxa3 19. Rxa3 Rad8 20. Qe2 e4 21. dxe4 Ne5 22. exf5 Nxf3+ 23. gxf3 Qg5+ 24. Kf1 Rd2 25. Qe4 Rxc2 26. Qxc2 Bxf3 27. Re5 Qg2+ 28. Ke1 Rd8 29. Rd5 Re8+ 30. Kd2 Bxd5 31. cxd5 Qxf2+ 0-1

[Event "Sitges Sunway op 10th"]
[Site "Sitges"]
[Date "2023.12.12"]
[Round "1"]
[White "Jaksland, Tim"]
[Black "Vignesh, NR."]
[Result "0-1"]
[WhiteElo "2063"]
[BlackElo "2529"]
[PlyCount "68"]
[EventDate "2023.12.12"]
[EventType "swiss"]
[EventRounds "10"]
[EventCountry "ESP"]
[SourceTitle "CB52_2023"]
[SourceDate "2023.12.27"]
[SourceVersion "1"]
[SourceVersionDate "2023.12.27"]
[SourceQuality "1"]

1. e4 e5 2. Nf3 Nc6 3. d4 exd4 4. Bc4 Nf6 5. e5 Ne4 6. Qe2 Nc5 7. 0-0 Ne6 8. Rd1 Be7 9. Bxe6 fxe6 10. Nxd4 Nxd4 11. Rxd4 0-0 12. Rg4 d5 13. Nc3 Kh8 14. Be3 Bd7 15. Rd1 Qe8 16. Rg3 Rf5 17. f4 c5 18. Bc1 Bc6 19. Rh3 a6 20. Qd3 Qg6 21. Rg3 Qf7 22. Rh3 Rh5 23. Rxh5 Qxh5 24. Qe2 Qf7 25. Re1 Rf8 26. b3 g5 27. fxg5 d4 28. Nd1 Bb5 29. Qf2 Qg6 30. Qd2 Rf5 31. h4 Qh5 32. c4 Qxh4 33. cxb5 Bxg5 34. Qc2 Qxe1+ 0-1

[Event "DEN-chT 2324 61st"]
[Site "Denmark"]
[Date "2023.10.29"]
[Round "2.7"]
[White "Jaksland, Tim"]
[Black "Kristensen, Kaare Hove"]
[Result "0-1"]
[WhiteElo "2070"]
[BlackElo "2258"]
[PlyCount "132"]
[EventDate "2023.10.28"]
[EventType "team-tourn"]
[EventRounds "9"]
[EventCountry "DEN"]
[SourceTitle "Mega2024 Update 01"]
[Source "Chessbase"]
[SourceDate "2023.11.12"]
[SourceVersion "1"]
[SourceVersionDate "2023.11.12"]
[SourceQuality "1"]
[WhiteTeam "Hillerod"]
[BlackTeam "Nordkalotten"]
[WhiteTeamCountry "DEN"]
[BlackTeamCountry "DEN"]

1. e4 c5 2. c3 d5 3. exd5 Nf6 4. Bb5+ Nbd7 5. d4 a6 6. Be2 Nxd5 7. Nf3 e6 8. 0-0 Be7 9. c4 N5f6 10. Nc3 0-0 11. a3 cxd4 12. Qxd4 Nc5 13. Bf4 Bd7 14. Rad1 Na4 15. Ne5 Be8 16. Qxd8 Rxd8 17. Rxd8 Bxd8 18. Nxa4 Bxa4 19. Bf3 Bc7 20. b4 b6 21. Re1 Bb3 22. g3 Bxe5 23. Bxe5 Bxc4 24. Rc1 b5 25. Bxf6 gxf6 26. Bb7 Rb8 27. Bf3 Kf8 28. Rd1 Ke7 29. Kg2 Rb6 30. Kh3 f5 31. Kh4 h6 32. Bg2 a5 33. bxa5 Ra6 34. Rc1 Rxa5 35. Rc3 Bd5 36. Bf1 b4 37. axb4 Ra2 38. Bd3 Rxf2 39. Rc2 Rxc2 40. Bxc2 Bf3 41. Bd3 Kd6 42. h3 Ke5 43. b5 Kd4 44. Bf1 Kc5 45. g4 fxg4 46. hxg4 f6 47. Kg3 Bd1 48. Kh4 Bf3 49. Kg3 Be4 50. Kh4 Bg6 51. Kg3 Be8 52. b6 Kxb6 53. Kf4 Kc5 54. Ke3 h5 55. gxh5 Bxh5 56. Bh3 Kd6 57. Bf1 Bg6 58. Ba6 e5 59. Bb7 f5 60. Kf3 Kc5 61. Ke3 f4+ 62. Kf3 Kd4 63. Ba6 Bh5+ 64. Kf2 e4 65. Bb5 e3+ 66. Kg2 Kc3 0-1

[Event "DEN-chT 2324 61st"]
[Site "Denmark"]
[Date "2023.10.28"]
[Round "1.7"]
[White "Larsen, Ulrik"]
[Black "Jaksland, Tim"]
[Result "0-1"]
[WhiteElo "2002"]
[BlackElo "2070"]
[PlyCount "100"]
[EventDate "2023.10.28"]
[EventType "team-tourn"]
[EventRounds "9"]
[EventCountry "DEN"]
[SourceTitle "Mega2024 Update 01"]
[Source "Chessbase"]
[SourceDate "2023.11.12"]
[SourceVersion "1"]
[SourceVersionDate "2023.11.12"]
[SourceQuality "1"]
[WhiteTeam "Koge"]
[BlackTeam "Hillerod"]
[WhiteTeamCountry "DEN"]
[BlackTeamCountry "DEN"]

1. e4 e5 2. Nf3 Nc6 3. Bb5 a6 4. Ba4 d6 5. c3 f5 6. d3 Nf6 7. Nbd2 Be7 8. 0-0 0-0 9. Re1 Kh8 10. Bb3 Qe8 11. Nc4 f4 12. d4 Bg4 13. Qd3 Nd7 14. Bd1 Bh5 15. d5 Nd8 16. b4 g5 17. Na5 Rg8 18. c4 Qg6 19. Bb2 Bf6 20. Rc1 b6 21. Nb3 Nf7 22. c5 g4 23. Nfd2 Ng5 24. Kh1 Qh6 25. cxd6 cxd6 26. Rc6 Nf7 27. Nc4 g3 28. fxg3 Bxd1 29. Rxd1 Rxg3 30. Qe2 Be7 31. Nxb6 Nxb6 32. Rxb6 Rag8 33. Rxa6 Qh4 34. Rc1 Ng5 35. Nd2 Re3 36. Qf1 Nxe4 37. Nxe4 Rxe4 38. Ra3 Rxb4 39. Rh3 Qg5 40. Ba1 Ra4 41. Rc2 Ra7 42. Qd3 Qg6 43. Qxg6 Rxg6 44. Rhc3 Rg8 45. Kg1 Rb8 46. Rc8+ Rxc8 47. Rxc8+ Kg7 48. Rc2 Kf6 49. Kf2 Kf5 50. h3 Ke4 0-1

[Event "Copenhagen Killer Chess op"]
[Site "Copenhagen"]
[Date "2023.10.14"]
[Round "1"]
[White "Hacker, Jonas"]
[Black "Jaksland, Tim"]
[Result "1-0"]
[WhiteElo "2400"]
[BlackElo "2070"]
[PlyCount "109"]
[EventDate "2023.10.14"]
[EventType "swiss"]
[EventRounds "9"]
[EventCountry "DEN"]
[SourceTitle "Mega2024 Update 01"]
[Source "Chessbase"]
[SourceDate "2023.11.12"]
[SourceVersion "1"]
[SourceVersionDate "2023.11.12"]
[SourceQuality "1"]

1. e4 e5 2. Nf3 Nc6 3. Bc4 Bc5 4. c3 Nf6 5. d4 exd4 6. e5 d5 7. Bb5 Ne4 8. cxd4 Bb6 9. Nc3 0-0 10. Be3 Bg4 11. h3 Bh5 12. Qc2 Bg6 13. Qb3 Na5 14. Qxd5 Qe7 15. Qd7 Qb4 16. 0-0 Rfd8 17. Nd5 Qxb2 18. Ne7+ Kf8 19. Nxg6+ fxg6 20. Qg4 Qxb5 21. Qxe4 Qd5 22. Qg4 Kg8 23. h4 Re8 24. Rfd1 Rad8 25. h5 gxh5 26. Qxh5 Re6 27. Ng5 Rh6 28. Qf3 Rg6 29. Qxd5+ Rxd5 30. Nh3 Rd8 31. Nf4 Rc6 32. d5 Bxe3 33. dxc6 Rxd1+ 34. Rxd1 Bxf4 35. e6 Kf8 36. Rd5 Nxc6 37. Rf5+ Ke7 38. Rxf4 Kxe6 39. Rf8 Nb4 40. Rb8 b6 41. Rb7 Nd5 42. Rxa7 h5 43. Ra8 g5 44. g3 Ke5 45. Rh8 Nf6 46. Kf1 c5 47. a3 Kd4 48. Rh6 Ke5 49. a4 c4 50. Ke2 h4 51. gxh4 gxh4 52. Rxh4 Ne4 53. Ke3 Nd6 54. Rh5+ Nf5+ 55. Rxf5+ 1-0

[Event "DEN-ch Blitz op"]
[Site "Avedore"]
[Date "2023.05.14"]
[Round "10"]
[White "Andersen, Mads"]
[Black "Jaksland, Tim"]
[Result "1-0"]
[WhiteElo "2615"]
[BlackElo "2118"]
[PlyCount "93"]
[EventDate "2023.05.14"]
[EventType "swiss (blitz)"]
[EventRounds "13"]
[EventCountry "DEN"]
[SourceTitle "CBM 214 Extra"]
[Source "ChessBase"]
[SourceDate "2023.07.31"]
[SourceVersion "1"]
[SourceVersionDate "2023.07.31"]
[SourceQuality "1"]

1. e4 e5 2. Nf3 Nc6 3. Bc4 Nf6 4. d3 Bc5 5. c3 d6 6. 0-0 a5 7. Re1 0-0 8. h3 Be6 9. Bb5 Ba7 10. d4 Bd7 11. Ba4 h6 12. Bc2 Re8 13. a4 exd4 14. cxd4 Nb4 15. Nc3 Nxc2 16. Qxc2 c6 17. Qb1 Rc8 18. Bf4 Bb8 19. Bh2 Nh7 20. Qd3 Qf6 21. Rad1 Ng5 22. Nd2 Ne6 23. Nb3 Bc7 24. Qd2 Qg6 25. f4 Nf8 26. f5 Qh5 27. Qf2 Nh7 28. Bf4 Ng5 29. Qg3 d5 30. Bxc7 dxe4 31. Be5 Bxf5 32. Rf1 Bg6 33. Rde1 Ne6 34. Nxe4 Rcd8 35. Nd6 Rf8 36. Nxb7 Rd5 37. N7c5 Nxc5 38. Nxc5 Rb8 39. b3 Re8 40. Ne4 Kh7 41. Nf2 f6 42. Bf4 Red8 43. Re7 Rxd4 44. Ng4 Rd3 45. Nxf6+ Kh8 46. Nxh5 Rxg3 47. Nxg3 1-0

[Event "DEN-ch Blitz op"]
[Site "Avedore"]
[Date "2023.05.14"]
[Round "3"]
[White "Kjaerbye, Michael"]
[Black "Jaksland, Tim"]
[Result "0-1"]
[WhiteElo "2168"]
[BlackElo "2118"]
[PlyCount "100"]
[EventDate "2023.05.14"]
[EventType "swiss (blitz)"]
[EventRounds "13"]
[EventCountry "DEN"]
[SourceTitle "CBM 214 Extra"]
[Source "ChessBase"]
[SourceDate "2023.07.31"]
[SourceVersion "1"]
[SourceVersionDate "2023.07.31"]
[SourceQuality "1"]

1. d4 Nf6 2. c4 c5 3. d5 b5 4. cxb5 a6 5. b6 e6 6. Nc3 Nxd5 7. Nxd5 exd5 8. Qxd5 Nc6 9. Nf3 Rb8 10. e4 Be7 11. Bc4 0-0 12. 0-0 Rxb6 13. Rd1 d6 14. Bf4 Be6 15. Qd3 Bxc4 16. Qxc4 Rxb2 17. Qxa6 Qc7 18. a4 h6 19. a5 Rb4 20. Qd3 Nxa5 21. Bxd6 Bxd6 22. Qxd6 Qxd6 23. Rxd6 Nb3 24. Rb1 Rfb8 25. e5 Nd4 26. Rxb4 Nxf3+ 27. gxf3 cxb4 28. Rd2 b3 29. Rb2 Kf8 30. Kf1 Ke7 31. Ke2 Ke6 32. f4 Kf5 33. Kf3 g5 34. fxg5 hxg5 35. Ke3 Kxe5 36. Kd3 Kf4 37. Ke2 f5 38. h3 Rb7 39. Kf1 Kf3 40. Kg1 f4 41. Kf1 Rb6 42. Kg1 Ke4 43. Kg2 Rb5 44. Kf1 Kd3 45. Ke1 Kc3 46. Rb1 b2 47. Kd1 Rd5+ 48. Ke2 Kc2 49. Rg1 b1Q 50. Rxb1 Kxb1 0-1

[Event "DEN-ch Rapid op"]
[Site "Avedore"]
[Date "2023.05.13"]
[Round "2"]
[White "Nielsen Refs, Karl Emil Elmer"]
[Black "Jaksland, Tim"]
[Result "0-1"]
[WhiteElo "2056"]
[BlackElo "2118"]
[PlyCount "68"]
[EventDate "2023.05.13"]
[EventType "swiss (rapid)"]
[EventRounds "7"]
[EventCountry "DEN"]
[SourceTitle "CBM 214 Extra"]
[Source "ChessBase"]
[SourceDate "2023.07.31"]
[SourceVersion "1"]
[SourceVersionDate "2023.07.31"]
[SourceQuality "1"]

1. d4 Nf6 2. c4 c5 3. d5 b5 4. cxb5 a6 5. bxa6 g6 6. Nc3 Bxa6 7. Nf3 Bg7 8. g3 d6 9. Bg2 0-0 10. 0-0 Nbd7 11. Rb1 Nb6 12. b3 Bb7 13. Nh4 Qd7 14. h3 Rfb8 15. Kh2 Ne8 16. Bd2 Nc7 17. e4 Ba6 18. Re1 Bd3 19. Rc1 c4 20. f4 Nb5 21. e5 dxe5 22. fxe5 Nxc3 23. Bxc3 Rxa2 24. bxc4 Bxc4 25. e6 fxe6 26. Bxg7 Kxg7 27. Rxc4 Nxc4 28. Qd4+ Kg8 29. Rxe6 Rbb2 30. Qxc4 Rc2 31. Qd4 g5 32. Qg4 Qxd5 33. Re4 Kh8 34. Qc8+ Rxc8 0-1

[Event "Reykjavik op"]
[Site "Reykjavik"]
[Date "2023.04.01"]
[Round "5"]
[White "Jaksland, Tim"]
[Black "Chilton, James I"]
[Result "1-0"]
[WhiteElo "2117"]
[BlackElo "1722"]
[PlyCount "75"]
[EventDate "2023.03.29"]
[EventType "swiss"]
[EventRounds "9"]
[EventCountry "ISL"]
[SourceTitle "CBM 213 Extra"]
[Source "ChessBase"]
[SourceDate "2023.05.31"]
[SourceVersion "1"]
[SourceVersionDate "2023.05.31"]
[SourceQuality "1"]

1. e4 c5 2. c3 Nf6 3. e5 Nd5 4. Nf3 Nc6 5. Bc4 Nb6 6. Bb3 d5 7. exd6 exd6 8. d4 Be7 9. 0-0 0-0 10. h3 Bf5 11. Na3 Bf6 12. Be3 Nd7 13. Nc4 cxd4 14. Nxd4 Nxd4 15. Bxd4 Ne5 16. Re1 Qc7 17. Ne3 Be6 18. Nd5 Bxd5 19. Bxd5 Rae8 20. Qb3 Re7 21. Rad1 Rfe8 22. Kf1 b6 23. f4 Bh4 24. Re2 Qc8 25. fxe5 dxe5 26. Bf2 Qf5 27. Kg1 Bg5 28. Be4 Qf4 29. Rf1 Bh4 30. Bc5 bxc5 31. Rxf4 exf4 32. Qc2 f5 33. Bd5+ Kh8 34. Bf3 Re3 35. Kf1 g6 36. Qa4 Rd8 37. Rxe3 fxe3 38. Qxh4 1-0

[Event "DEN-chT 2223 60th"]
[Site "Denmark"]
[Date "2023.01.14"]
[Round "5.1"]
[White "Jaksland, Tim"]
[Black "Palm, Nikolaj"]
[Result "1/2-1/2"]
[WhiteElo "2100"]
[BlackElo "2308"]
[PlyCount "28"]
[EventDate "2022.10.29"]
[EventType "team-tourn"]
[EventRounds "9"]
[EventCountry "DEN"]
[SourceTitle "CBM 213 Extra"]
[Source "ChessBase"]
[SourceDate "2023.05.31"]
[SourceVersion "1"]
[SourceVersionDate "2023.05.31"]
[SourceQuality "1"]
[WhiteTeam "Hillerod"]
[BlackTeam "Bronshoj"]
[WhiteTeamCountry "DEN"]
[BlackTeamCountry "DEN"]

1. e4 e5 2. Nf3 Nc6 3. d4 exd4 4. Nxd4 Nf6 5. Nxc6 bxc6 6. e5 Qe7 7. Qe2 Nd5 8. h4 f6 9. c4 Ba6 10. Rh3 0-0-0 11. Ra3 Nb4 12. Ra4 Qxe5 13. Qxe5 fxe5 14. Bg5 Re8 1/2-1/2

[Event "Copenhagen GoAudit op"]
[Site "Copenhagen"]
[Date "2022.11.06"]
[Round "6"]
[White "Saravana, Vedant Kumar"]
[Black "Jaksland, Tim"]
[Result "0-1"]
[WhiteElo "1905"]
[BlackElo "2100"]
[PlyCount "64"]
[EventDate "2022.11.04"]
[EventType "swiss"]
[EventRounds "7"]
[EventCountry "DEN"]
[SourceTitle "CBM 211 Extra"]
[Source "ChessBase"]
[SourceDate "2023.01.31"]
[SourceVersion "1"]
[SourceVersionDate "2023.01.31"]
[SourceQuality "1"]

1. e4 e5 2. Nf3 Nc6 3. Bc4 d6 4. c3 f5 5. d3 f4 6. d4 Qf6 7. Qd3 g5 8. h4 g4 9. Ng5 Nh6 10. g3 Bd7 11. gxf4 exf4 12. Qd2 f3 13. b4 Bg7 14. Qf4 Qe7 15. Be3 0-0-0 16. Nd2 Kb8 17. Qg3 Rde8 18. 0-0-0 Nd8 19. e5 dxe5 20. d5 Nf5 21. Qg1 Nxe3 22. fxe3 h5 23. Nde4 Bh6 24. d6 cxd6 25. Rxd6 Bxg5 26. hxg5 Bf5 27. Rxd8+ Rxd8 28. Nc5 Qxg5 29. Be6 Rd6 30. Bxf5 Qxf5 31. Qf2 Rhd8 32. e4 Qf4+ 0-1

[Event "Copenhagen GoAudit op"]
[Site "Copenhagen"]
[Date "2022.11.05"]
[Round "5"]
[White "Jaksland, Tim"]
[Black "Haubro, Martin"]
[Result "0-1"]
[WhiteElo "2100"]
[BlackElo "2398"]
[PlyCount "66"]
[EventDate "2022.11.04"]
[EventType "swiss"]
[EventRounds "7"]
[EventCountry "DEN"]
[SourceTitle "CBM 211 Extra"]
[Source "ChessBase"]
[SourceDate "2023.01.31"]
[SourceVersion "1"]
[SourceVersionDate "2023.01.31"]
[SourceQuality "1"]

1. d4 d5 2. Nf3 e6 3. Bf4 Bd6 4. e3 b6 5. c3 Bb7 6. Nbd2 Bxf4 7. exf4 Qd6 8. g3 Ne7 9. Bd3 0-0 10. Bxh7+ Kxh7 11. Ng5+ Kg6 12. Qg4 f5 13. Qh4 Nd7 14. Qh7+ Kf6 15. Qh4 Qc6 16. Ndf3 Rh8 17. Nh7+ Kf7 18. 0-0-0 Qd6 19. Nfg5+ Kg8 20. Rhe1 Nf8 21. Qh5 g6 22. Nf6+ Kg7 23. Qxh8+ Kxh8 24. Nf7+ Kg7 25. Nxd6 cxd6 26. Nd7 Nxd7 27. Rxe6 Kf7 28. Rde1 Ng8 29. Rxd6 Ndf6 30. f3 Ba6 31. Kd2 Bb5 32. b3 Bd7 33. Re5 Ne7 0-1

[Event "Barcelona Sants op-A 23rd"]
[Site "Barcelona"]
[Date "2022.08.20"]
[Round "2"]
[White "Berdayes Ason, Dylan Isidro"]
[Black "Jaksland, Tim"]
[Result "1-0"]
[WhiteElo "2489"]
[BlackElo "2147"]
[PlyCount "47"]
[EventDate "2022.08.19"]
[EventType "swiss"]
[EventRounds "10"]
[EventCountry "ESP"]
[SourceTitle "CBM 209 Extra"]
[Source "ChessBase"]
[SourceDate "2022.09.30"]
[SourceVersion "1"]
[SourceVersionDate "2022.09.30"]
[SourceQuality "1"]

1. d4 Nf6 2. c4 e6 3. Nc3 Bb4 4. e3 b6 5. Bd2 Bb7 6. Nf3 0-0 7. Bd3 d5 8. cxd5 exd5 9. 0-0 Nbd7 10. Qc2 a6 11. Ne5 Bd6 12. f4 c5 13. Be1 Qc7 14. Bh4 Rfe8 15. Nxd7 Nxd7 16. Bxh7+ Kh8 17. Rf3 cxd4 18. exd4 Bxf4 19. Raf1 Be3+ 20. Kh1 Bxd4 21. Rxf7 Rf8 22. Qd1 Qe5 23. Bf5 Qe3 24. Qh5+ 1-0

[Event "DEN-ch blitz Final Gr-1"]
[Site "Svendborg"]
[Date "2022.04.15"]
[Round "7"]
[White "Andries, Alf"]
[Black "Jaksland, Tim"]
[Result "1-0"]
[WhiteElo "2019"]
[BlackElo "2203"]
[PlyCount "47"]
[EventDate "2022.04.15"]
[EventType "tourn (blitz)"]
[EventRounds "7"]
[EventCountry "DEN"]
[SourceTitle "EXT 2024"]
[Source "ChessBase"]
[SourceDate "2023.10.10"]
[SourceVersion "1"]
[SourceVersionDate "2023.10.10"]
[SourceQuality "1"]

1. e4 e5 2. Nf3 Nc6 3. d4 exd4 4. Nxd4 Qf6 5. Nb3 Qg6 6. f3 Nf6 7. Nc3 Bb4 8. Bd2 0-0 9. Ne2 Bxd2+ 10. Qxd2 d6 11. 0-0-0 a5 12. Nbd4 Nxd4 13. Nxd4 c6 14. Kb1 a4 15. a3 Qh5 16. h4 d5 17. g4 Qe5 18. exd5 Nxd5 19. Bd3 Nf4 20. Rhe1 Qd6 21. Ne6 Nxd3 22. Nxf8 Qf6 23. Qxd3 g6 24. Qd8 1-0

[Event "DEN-ch blitz Final Gr-1"]
[Site "Svendborg"]
[Date "2022.04.15"]
[Round "5"]
[White "Jaksland, Tim"]
[Black "Nielsen, Viktor Haarmark"]
[Result "1-0"]
[WhiteElo "2203"]
[BlackElo "2319"]
[PlyCount "53"]
[EventDate "2022.04.15"]
[EventType "tourn (blitz)"]
[EventRounds "7"]
[EventCountry "DEN"]
[SourceTitle "EXT 2024"]
[Source "ChessBase"]
[SourceDate "2023.10.10"]
[SourceVersion "1"]
[SourceVersionDate "2023.10.10"]
[SourceQuality "1"]

1. e4 e5 2. Nf3 Nc6 3. d4 exd4 4. Bc4 Bc5 5. Ng5 Nh6 6. Nxf7 Nxf7 7. Bxf7+ Kxf7 8. Qh5+ g6 9. Qxc5 d6 10. Qc4+ Be6 11. Qe2 Re8 12. f3 d5 13. 0-0 Kg8 14. Nd2 dxe4 15. fxe4 Ne5 16. b3 Bg4 17. Qb5 b6 18. Qd5+ Qxd5 19. exd5 Be2 20. Rf4 d3 21. c4 Rf8 22. Ne4 Nd7 23. Bd2 Rae8 24. Rxf8+ Rxf8 25. Re1 Nf6 26. Ng3 Bg4 27. h3 1-0

[Event "DEN-ch blitz Final Gr-1"]
[Site "Svendborg"]
[Date "2022.04.15"]
[Round "2"]
[White "Meskenas, Paulius"]
[Black "Jaksland, Tim"]
[Result "1/2-1/2"]
[WhiteElo "2110"]
[BlackElo "2203"]
[PlyCount "127"]
[EventDate "2022.04.15"]
[EventType "tourn (blitz)"]
[EventRounds "7"]
[EventCountry "DEN"]
[SourceTitle "EXT 2024"]
[Source "ChessBase"]
[SourceDate "2023.10.10"]
[SourceVersion "1"]
[SourceVersionDate "2023.10.10"]
[SourceQuality "1"]

1. e4 e5 2. Nf3 Nc6 3. d4 exd4 4. Nxd4 Qf6 5. c3 Bc5 6. Be3 Nge7 7. g3 h5 8. h4 d6 9. Bg2 Bg4 10. Qd2 Ne5 11. Bg5 Qg6 12. f4 Bxd4 13. f5 Qh7 14. cxd4 Nf3+ 15. Bxf3 Bxf3 16. 0-0 Bxe4 17. Qf4 Qxf5 18. Bxe7 Bxb1 19. Bxd6 Qxf4 20. Bxf4 Bg6 21. Bxc7 0-0 22. Rac1 Rfe8 23. Bf4 Re4 24. d5 Rae8 25. d6 Bf5 26. Rc7 Re2 27. d7 Rd8 28. Rd1 Re7 29. Rxb7 Rexd7 30. Rdxd7 Rxd7 31. Rb8+ Kh7 32. Kf2 f6 33. Be3 Rc7 34. a4 Bg4 35. Bd4 Rc2+ 36. Ke3 Rg2 37. Rb7 Rxg3+ 38. Kf2 Rd3 39. Bxa7 Kg6 40. Bc5 Rd2+ 41. Kg3 Rd3+ 42. Kg2 Rd2+ 43. Bf2 Rd3 44. Rb5 Bd7 45. Rb4 Rd5 46. Bb6 Kf5 47. a5 Bc8 48. Bc7 g5 49. hxg5 fxg5 50. Rc4 Rd2+ 51. Kg1 Rxb2 52. Rc5+ Kg4 53. Bd8 Bf5 54. a6 Ra2 55. Ba5 Be4 56. a7 Kf3 57. Rc3+ Kg4 58. Bb6 h4 59. Bc5 h3 60. Bd6 Ra1+ 61. Kf2 Rxa7 62. Rg3+ Kf5 63. Rxh3 Ra2+ 64. Ke1 1/2-1/2

[Event "Reykjavik Kvika op"]
[Site "Reykjavik"]
[Date "2022.04.12"]
[Round "9"]
[White "Hartmann, Wolfgang"]
[Black "Jaksland, Tim"]
[Result "1-0"]
[WhiteElo "1927"]
[BlackElo "2203"]
[PlyCount "80"]
[EventDate "2022.04.06"]
[EventType "swiss"]
[EventRounds "9"]
[EventCountry "ISL"]
[SourceTitle "CBM 207 Extra"]
[Source "ChessBase"]
[SourceDate "2022.05.31"]
[SourceVersion "1"]
[SourceVersionDate "2022.05.31"]
[SourceQuality "1"]

1. c4 e6 2. g3 d5 3. Bg2 dxc4 4. Qc2 a6 5. Qxc4 c5 6. d3 Nf6 7. Nc3 Nbd7 8. Qb3 Bd6 9. Nh3 0-0 10. 0-0 Rb8 11. Ng5 Bc7 12. Be3 b6 13. Rfd1 Qe7 14. Nge4 Bb7 15. Bg5 h6 16. Bxf6 Nxf6 17. Nxf6+ Qxf6 18. Bxb7 Rxb7 19. Ne4 Qe7 20. d4 cxd4 21. Rxd4 Be5 22. Rd2 Rd8 23. Rad1 Rxd2 24. Rxd2 b5 25. Qd3 g6 26. Qd8+ Qxd8 27. Rxd8+ Kg7 28. Rd2 Rc7 29. f4 Rc4 30. Nf2 Bc7 31. a3 Kf8 32. Kg2 Ke7 33. Kf3 Ba5 34. b4 Bb6 35. Rd3 Bd4 36. Nd1 Bb6 37. Rc3 Rxc3+ 38. Nxc3 Bd4 39. Nd1 f5 40. e3 Ba1 1-0